<?xml version="1.0" encoding="UTF-8"?>
<collection xmlns="http://www.loc.gov/MARC21/slim">
 <record>
  <leader>01850nam a2200277 a 4500</leader>
  <controlfield tag="001">EUN.eunm009521</controlfield>
  <controlfield tag="007">ta</controlfield>
  <controlfield tag="008">231227s2023####ag#####gr#####001#0#spa##</controlfield>
  <controlfield tag="005">20250715084433.0</controlfield>
  <datafield tag="245" ind1="1" ind2="0">
   <subfield code="a">Híbrida :</subfield>
   <subfield code="b">enseñar en la universidad que no vimos venir /</subfield>
   <subfield code="c">Mariana Maggio.</subfield>
  </datafield>
  <datafield tag="250" ind1=" " ind2=" ">
   <subfield code="a">2a ed.</subfield>
  </datafield>
  <datafield tag="260" ind1=" " ind2=" ">
   <subfield code="a">[Buenos Aires] :</subfield>
   <subfield code="b">Tilde Editora,</subfield>
   <subfield code="c">2023.</subfield>
  </datafield>
  <datafield tag="300" ind1=" " ind2=" ">
   <subfield code="a">210 p. ;</subfield>
   <subfield code="c">21 cm.</subfield>
  </datafield>
  <datafield tag="504" ind1=" " ind2=" ">
   <subfield code="a">Bibliografía: p. [207]-210.</subfield>
  </datafield>
  <datafield tag="520" ind1="1" ind2=" ">
   <subfield code="a">&quot;Durante la pandemia de covid-19 repetimos demasiadas veces: &quot;Las cosas nunca volverán a ser lo que eran&quot;. Y sin embargo, parece que muchas cosas volvieron a ser tal cual habían sido. ¿No era que de la pandemia íbamos a salir mejores? Mariana Maggio parte de la experiencia vivida en la universidad en 2020 y 2021 y nos obsequia su siempre lúcida reflexión en Híbrida. Enseñar en la universidad que no vimos venir. El objetivo está puesto en el planteo de rediseños y articulaciones que nos ayuden a edificar un futuro más inclusivo para las universidades. Provocadora, Maggio elabora un ensayo que busca interpelar al lector para despertar consciencias y que las cosas no vuelvan a ser como antes. Luego de su primera publicación digital en julio de 2022, la autora dio el salto y convocó a los lectores a coescribir el último capítulo con ella. De esos encuentros surge esta nueva edición, con el capítulo incorporado al libro y un prólogo actualizado.&quot;--Contratapa-</subfield>
  </datafield>
  <datafield tag="020" ind1=" " ind2=" ">
   <subfield code="a">978-987-82824-1-1</subfield>
  </datafield>
  <datafield tag="100" ind1="1" ind2=" ">
   <subfield code="a">Maggio, Mariana</subfield>
   <subfield code="e">autora</subfield>
   <subfield code="4">aut</subfield>
  </datafield>
  <datafield tag="043" ind1=" " ind2=" ">
   <subfield code="a">s-ag---</subfield>
  </datafield>
  <datafield tag="080" ind1=" " ind2=" ">
   <subfield code="a">378(82)</subfield>
   <subfield code="2">2016</subfield>
  </datafield>
  <datafield tag="082" ind1="0" ind2="4">
   <subfield code="a">378.1758</subfield>
   <subfield code="2">21</subfield>
  </datafield>
  <datafield tag="650" ind1=" " ind2="7">
   <subfield code="a">Enseñanza superior.</subfield>
   <subfield code="2">unbist</subfield>
  </datafield>
  <datafield tag="650" ind1=" " ind2="7">
   <subfield code="a">Enseñanza a distancia.</subfield>
   <subfield code="2">unbist</subfield>
  </datafield>
  <datafield tag="651" ind1=" " ind2="7">
   <subfield code="a">Argentina.</subfield>
   <subfield code="2">unbist</subfield>
  </datafield>
  <datafield tag="040" ind1=" " ind2=" ">
   <subfield code="a">AR-BaBN</subfield>
   <subfield code="b">spa</subfield>
   <subfield code="c">AR-BaBN</subfield>
   <subfield code="e">aacr</subfield>
   <subfield code="d">AR-BaUNS</subfield>
  </datafield>
  <datafield tag="044" ind1=" " ind2=" ">
   <subfield code="a">ag</subfield>
   <subfield code="c">ar-c</subfield>
  </datafield>
  <datafield tag="859" ind1=" " ind2=" ">
   <subfield code="a">AR-BaUNS</subfield>
   <subfield code="b">BIB. CENTRAL - Sector A</subfield>
   <subfield code="h">378.1758</subfield>
   <subfield code="i">M272</subfield>
   <subfield code="p">129004/025</subfield>
  </datafield>
 </record>
</collection>
